000 00706nam a2200253Ia 4500
003 OSt
005 20230404094643.0
008 210331s9999||||xx |||||||||||||| ||und||
020 _a9780070077904
040 _cSTCPL
041 _aENG
082 _a658.15
_bPRA-I
100 _aApte, Prakash G
245 0 _aInternational Finance :
_bA business perspective /
_cby Prakash G Apte
250 _a2nd ed.
260 _aChennai :
_bMcgraw Hill Education (India) Private Limited
_c2009 .
300 _a365 p.
_bPB
650 _aGlobal Financial environment
650 _aForeign exchange market
650 _aInternational Financing
650 _aFinancial Management
942 _cBK
942 _2ddc
999 _c73452
_d73452